Software testing and analysis (Record no. 179182)

000 -LEADER
fixed length control field 00373nam a2200133Ia 4500
008 - FIXED-LENGTH DATA ELEMENTS--GENERAL INFORMATION
fixed length control field 220217s9999||||xx |||||||||||||| ||und||
020 ## - INTERNATIONAL STANDARD BOOK NUMBER
International Standard Book Number 978-81-265-1773-2
082 ## - DEWEY DECIMAL CLASSIFICATION NUMBER
Classification number 5.14
100 ## - MAIN ENTRY--PERSONAL NAME
Personal name Pezze, Mauro & Young Michal
245 #0 - TITLE STATEMENT
Title Software testing and analysis
260 ## - PUBLICATION, DISTRIBUTION, ETC.
Place of publication, distribution, etc. Wiley india
Name of publisher, distributor, etc. New Delhi
Date of publication, distribution, etc. 2010
300 ## - PHYSICAL DESCRIPTION
Extent XXII, 488p.
Other physical details 419
650 ## - SUBJECT ADDED ENTRY--TOPICAL TERM
Topical term or geographic name entry element SOFTWARE TESTING
Holdings
Withdrawn status Lost status Damaged status Not for loan Collection code Home library Current library Date acquired Total Checkouts Full call number Barcode Date due Date last seen Date last checked out Price effective from Koha item type
        Electronics and Communication Engineering Central Library Central Library 02/18/2022 1 5.14 14371 02/10/2024 02/10/2023 02/10/2023 02/18/2022 Books

Powered by Koha